15 Najlepszych strzelców w historii ligi mistrzów - Statystyki

Ogólne statystyki
  • Ten quiz został rozwiązany 1 033 razy
  • Średni wynik to 8 z 15
Statystyki odpowiedzi
Liczba bramek Imię i nazwisko % Poprawnych
128 Cristiano Ronaldo
100%
114 Lionel Messi
99%
64 Karim Benzema
82%
63 Robert Lewandowski
74%
72 Raul
70%
48 Zlatan Ibrahimović
58%
50 Thiery Henry
51%
56 Ruud van Nistelrooy
48%
44 Thomas Muller
42%
44 Didier Drogba
37%
42 Alessandro Del Piero
33%
46 Filippo Inzaghi
23%
48 Andrij Shevchenko
21%
49 Alfredo Di Stefano
19%
46 Eusebio
11%
Nie znaleziono quizów pasujących do podanych kryteriów
Rozkład punktacji
Procent ludzi z każdym wynikiem
Percentyl według liczby udzielonych odpowiedzi
Twoja historia wyników
Nie rozwiązałeś tego quizu